| 000 | 02976cam a22006494i 4500 | ||
|---|---|---|---|
| 003 | PE-LiUPU | ||
| 005 | 20250731180152.0 | ||
| 008 | 150706s2009 r 000 0 d | ||
| 020 | _a9788483634806 | ||
| 035 | _a(Sirsi) i9788483634806 | ||
| 040 |
_aPE-LiUPU _bspa _cPE-LiUPU _erda |
||
| 049 | _aPRUA | ||
| 082 | 0 | 4 |
_a515.38 _bB23 _221 |
| 100 | 1 |
_aBartoll Arnau, Salud, _eautor. |
|
| 245 | 1 | 0 |
_aFundamentos matemáticos en arquitectura / _cSalud Bartoll Arnau, José Bonet Solves, María del Carmen Gómez Collado. |
| 264 | 1 |
_aValencia : _bUniversidad Politécnica de Valencia, _c2009. |
|
| 300 |
_a294 páginas : _bilustraciones ; _c24 cm. |
||
| 336 |
_atext _2rdacontent |
||
| 337 |
_aunmediated _2rdamedia |
||
| 338 |
_avolume _2rdacarrier |
||
| 500 | _aEn la portada: Universidad Politécnica de Valencia . | ||
| 504 | _aIncluye bibliografía. | ||
| 505 | 0 | _aCálculo aproximado de raíces de ecuaciones -- Integración -- Matrices y sistemas de ecuaciones -- Espacios vectoriales -- Aplicaciones lineales -- Espacio vectorial euclídeo -- Diagonalización -- Funciones reales de varias variables -- Extremos de funciones -- Ecuaciones diferenciales de primer orden -- Ecuaciones diferenciales de segundo orden -- Introducción a la probabilidad. | |
| 526 | _aSEG44 | ||
| 526 | _aSEG26 | ||
| 526 | _aP159 | ||
| 526 | _aP155 | ||
| 526 | _aP154 | ||
| 526 | _aP153 | ||
| 526 | _aP150 | ||
| 526 | _aP100 | ||
| 526 | _aP31 | ||
| 526 | _aP30 | ||
| 526 | _aP26 | ||
| 526 | _aP25 | ||
| 526 | _aP24 | ||
| 526 | _aP22 | ||
| 526 | _aP15 | ||
| 526 | _aP10 | ||
| 541 | _g015-0015391; | ||
| 541 | _g015-0016390; | ||
| 650 | 0 | 4 |
_aCálculo integral _xProblemas, ejercicios, etc. |
| 650 | 0 | 4 |
_aCurvas _vProblemas, ejercicios, etc. |
| 650 | 0 | 4 |
_aGeometría diferencial _vProblemas, ejercicios, etc. |
| 650 | 0 | 4 |
_aEcuaciones diferenciales _vProblemas, ejercicios, etc. |
| 650 | 0 | 4 | _aMatemáticas para arquitectos. |
| 700 | 1 |
_aBonet Solves, José., _eautor. |
|
| 700 | 1 |
_aGómez Collado, María del Carmen, _eautor. |
|
| 910 |
_clch _d20130703 |
||
| 942 |
_2ddc _cBOOK |
||
| 949 |
_a515.38 B23 _wDEWEY _c1 _i67541 _lCCODEBUL1 _mBUL _p72.00 _r0 _sY _tBOOK _u2015-7-6 _xINGENIERIA _PP06 _o.STAFF. Colección General |
||
| 949 |
_a515.38 B23 _wDEWEY _c2 _i69755 _lCCODEBUL1 _mBUL _p24.00 _r0 _sY _tBOOK _u2015-7-6 _xINGENIERIA _PP06 _o.STAFF. Colección General |
||
| 994 |
_aC0 _bPEPRU |
||
| 596 | _a1 | ||
| 999 |
_a515.38 B23 _wDEWEY _c55168 _i67541 _d55168 _e2016-8-18 _f2021-11-9 _g7 _lCCODEBUL1 _mBUL _n2 _p72.00 _r0 _sY _tBOOK _u2015-7-6 _xINGENIERIA _PP06 _0COMPRA _o.STAFF. Colección Ingenieria y Arquitectura |
||
| 999 |
_a515.38 B23 _wDEWEY _c2 _i69755 _d2017-7-11 _e2017-7-5 _f2021-11-9 _g7 _lCCODEBUL1 _mBUL _n1 _p24.00 _r0 _sY _tBOOK _u2015-7-6 _xINGENIERIA _PP06 _0COMPRA _o.STAFF. Colección Ingenieria y Arquitectura |
||
| 980 |
_81 _gALBERTO SANCHEZ Responsable de Automatización |
||